Answers Contain "Ring" - Statistics

General Stats
  • This quiz has been taken 49 times
  • The average score is 9 of 16
Answer Stats
Hint Answer % Correct
Role in a wedding...or Frodo’s duty ring bearer
87%
A person who initiates or leads an illicit activity ringleader
87%
1963 Johnny Cash song, or Pacific volcanic zone Ring of Fire
85%
Fungal infection of the skin with a misleading name ringworm
85%
Epic fantasy by J.R.R. Tolkien (1954–1955) The Lord of the Rings
85%
Planetary feature seen by Galileo in 1610 rings of Saturn
79%
They represent five continents. Olympic rings
70%
2008 Beyoncé hit Single Ladies (Put a Ring on It)
70%
First volume of Tolkien’s trilogy (1954) The Fellowship of the Ring
49%
Circle of mushrooms linked to folklore fairy ring
47%
Famous American circus (founded 1884) Ringling Bros.
45%
Tolkien TV series debuting in 2022 The Rings of Power
36%
Wagner’s four-opera saga, completed in 1876 Ring Cycle
30%
1998 Jerry Springer comedy, or a Marvel comic character Ringmaster
28%
1946 Lana Turner film noir, from 1934 James M. Cain novel The Postman Always Rings Twice
15%
1970 Larry Niven sci-fi novel about a giant rotating ring Ringworld
11%
No matching quizzes found
Score Distribution
Percent of People with Each Score
Percentile by Number Answered
Your Score History
You have not taken this quiz